| 000 | 01004cam a22002771 4500 | ||
|---|---|---|---|
| 001 | sa 68005967 | ||
| 003 | DLC | ||
| 005 | 20260227112512.0 | ||
| 008 | 890626s1965 ii b 000 0 hino | ||
| 010 | _asa 68005967 | ||
| 035 | _a(OCoLC)19929310 | ||
| 040 |
_aDLC _cWaU _dDLC |
||
| 042 | _apremarc | ||
| 050 | 0 | 0 |
_aPK5013.H35 _bZ8 |
| 100 | 1 |
_aŚāstrī, Nemīcandra, _d1922-1974. |
|
| 245 | 1 | 0 | _aHaribhadra ke Prākr̥ta kathāsāhitya kā ālocanātmaka pariśīlana. |
| 260 | _c1965. | ||
| 300 |
_a2, 2, 14, 419, 8 p. _c25 cm. |
||
| 490 | 1 |
_aMuzaffarpur, India. Research Institute of Prakrit, Jainology & Ahimsa. Prakrit Jain Institute research publications series, _vv. 2 |
|
| 500 | _aAdded t. p. in English. | ||
| 500 | _aIn Hindi; editor's note in English. | ||
| 502 | _a"Ph. D. thesis ... approved by the University of Bihar." | ||
| 504 | _aBibliography: p. 404-412. | ||
| 600 | 0 | 0 |
_aHaribhadrasūri, _d700-770. |
| 830 | 0 |
_aPrākr̥ta Jaina Śodha-Saṃsthāna granthamālā ; _vv. 2 |
|
| 999 |
_c81031 _d81031 |
||